| 000 | 01216nam a2200229Ia 4500 | ||
|---|---|---|---|
| 003 | Ost | ||
| 005 | 20260507075113.0 | ||
| 008 | 260507s9999||||xx |||||||||||||| ||und|| | ||
| 020 | _ax178356977 | ||
| 040 | _cfsecg | ||
| 041 | _aara | ||
| 082 | _a330 | ||
| 100 |
_aالسريتي، محمد أحمد _eمؤلف |
||
| 245 | 0 |
_aاقتصاديات التجارة الخارجية / _c محمد أحمد السريتي |
|
| 260 |
_aالاسكندرية: _bمؤسسة رئية, _c2008 |
||
| 300 |
_a320 صفحة؛ _bإيضاحات ؛ _c24 سم |
||
| 504 | _aببليوغرافيا:ص.320 | ||
| 520 | _aماهية التجارة الخارجية،النظرية الكلاسيكية في التجارة الدولية،النظرية الحديثة في التجارة الدولية،تحديد معدل التبادل الدولي وشروط التجارة،سياسة الحرية التجارية،سياسة الحماية،التكامل الاقتصادي،ميزان المدفوعات الدولية،سعر الصرف،التجارة الالكترونية ودورها في التجارة الدولية | ||
| 653 | _aالإقتصاد | ||
| 653 | _aالتجارة الخارجية | ||
| 942 | _cكتاب | ||
| 999 |
_c42951 _d42951 |
||